00449nam a2200181Ia 4500003000400000005001700004008004100021020001500062040000700077041000800084082002000092100002600112245004500138260003700183300001700220365001300237650001700250OSt20230424104907.0210423s2007 xx 000 0 und d a8171796677 cAL aeng a574.192028 NAYS aNAYAK B (Shivananda). aManipal manual of clinical biochemistry. aNew DelhibJaypee Brothersc2007 aviii,162bPB b125cINR aBiochemistry